Parasites and parasitism (Record no. 23022)

MARC details
000 -LEADER
fixed length control field 00288nam a2200121Ia 4500
082 ## - DEWEY DECIMAL CLASSIFICATION NUMBER
Classification number 576.8
Item number CAM
100 ## - MAIN ENTRY--AUTHOR NAME
Personal name Vameron, T W N
245 #0 - TITLE STATEMENT
Title Parasites and parasitism
260 ## - PUBLICATION, DISTRIBUTION, ETC. (IMPRINT)
Place of publication London
Name of publisher ELBS
Year of publication 1956
650 ## - SUBJECT ADDED ENTRY--TOPICAL TERM
Topical Term Parasitism
942 ## - ADDED ENTRY ELEMENTS (KOHA)
Koha item type Books
Holdings
Withdrawn status Lost status Damaged status Not for loan Home library Current library Date acquired Full call number Accession Number Koha item type
        RRII Library RRII Library 16/12/2021 576.8 CAM 03730 Books